| 000 | 00804cam a2200229 a 4500 | ||
|---|---|---|---|
| 001 | 000006206 | ||
| 005 | 20200929153912.0 | ||
| 008 | 790925s1964 pr 001 0 spa | ||
| 040 |
_aDO-SdBNP _cDLC _dDLC |
||
| 082 |
_aPR861.44 _bB641L |
||
| 100 | 1 |
_aBlanco, Tomás, _d1896-1975. _96858 |
|
| 245 | 1 | 0 |
_aLetras para música / _cTomás Blanco. |
| 260 |
_aSan Juan, Puerto Rico : _bAteneo Puertorriqueño, _c1964. |
||
| 300 |
_a82 p. ; _c21 cm. |
||
| 490 | 1 |
_aCuadernos de poesía _vno. 6 |
|
| 650 | 4 |
_aMusica puertorriqueña _917366 |
|
| 650 | 4 |
_aPoesía puertorriqueña _91015 |
|
| 650 | 4 |
_aLiteratura puertorriqueña _9250 |
|
| 810 | 2 |
_aAteneo Puertorriqueno (San Juan, P.R.) _tCuadernos de poesia ; _v16. _917367 |
|
| 830 | 0 |
_aCuadernos de poesía ; _vno. 6 _917368 |
|
| 910 | _aCatalogación por copia / LC | ||
| 999 |
_c6001 _d6001 |
||